Griechisches Alphabet - Statistiken

Allgemein
  • Dieses Quiz wurde 2.318 mal gespielt
  • Das Durchschnittsergebnis liegt bei 18 aus 24
Antwortstatistiken
Buchstaben % Korrekt
Alpha
100%
Beta
100%
Gamma
99%
Delta
97%
Omega
92%
Epsilon
88%
Pi
77%
Phi
76%
Eta
71%
Zeta
71%
Lambda
69%
My
69%
Rho
69%
Psi
68%
Sigma
67%
Ny
66%
Omikron
66%
Kappa
64%
Theta
64%
Xi
62%
Iota
60%
Chi
58%
Tau
56%
Ypsilon
56%
Keine übereinstimmenden Quizze gefunden
Verteilung der Resultate
Anzahl Personen mit jedem Resultat
Perzentil nach korrekt beantworteten Fragen
Ihre Resultats-Entwicklung
Sie haben dieses Quiz noch nicht gespielt